[Event "London Classic Open 2015"]
[Site "London ENG"]
[Date "2015.12.04"]
[Round "1.86"]
[White "Barj, Julien"]
[Black "Mulay, Partha"]
[Result "1-0"]
[WhiteElo "2207"]
[BlackElo "1780"]
[WhiteFideId "629200"]
[BlackFideId "436038"]
[EventDate "2015.12.04"]

1. e4 e6 2. d4 d5 3. Nd2 c5 4. Ngf3 Nc6 5. exd5 Qxd5 6. Bc4 Qd8 7. dxc5 Bxc5 8.
O-O Nf6 9. Qe2 O-O 10. Nb3 Be7 11. Bf4 Bd7 12. Rfd1 Qb6 13. a4 a5 14. Bb5 Rfd8
15. Nbd2 Nd5 16. Bg3 Ncb4 17. c3 Na6 18. Ne5 Bxb5 19. axb5 Nc5 20. Ndc4 Qxb5 21.
Nxf7 Rf8 22. Nfe5 Bf6 23. Qg4 g6 24. Rd4 Ne7 25. Rd6 Rad8 26. Rxa5 Qxa5 27. Nxa5
Rxd6 28. Nxg6 Nxg6 29. Bxd6 Ra8 30. Bxc5 Rxa5 31. Qxe6+ Kg7 32. Qd7+ Be7 33.
Bd4+ Kf7 34. g3 1-0

[Event "London Classic Open 2015"]
[Site "London ENG"]
[Date "2015.12.04"]
[Round "1.87"]
[White "De Lagontrie, Jean"]
[Black "Semprun Martinez, Fernando"]
[Result "0-1"]
[WhiteElo "1776"]
[BlackElo "2200"]
[WhiteFideId "605271"]
[BlackFideId "2203170"]
[EventDate "2015.12.04"]

1. d4 Nf6 2. c4 g6 3. Nc3 d5 4. cxd5 Nxd5 5. e4 Nxc3 6. bxc3 Bg7 7. Bc4 O-O 8.
Ne2 c5 9. Be3 Nc6 10. O-O Bg4 11. f3 Bd7 12. Rb1 Qc7 13. Qd2 Rad8 14. Rfd1 Bc8
15. Rbc1 e6 16. Bh6 e5 17. Bxg7 Kxg7 18. d5 Na5 19. Bd3 c4 20. Bb1 b6 21. Ng3 f6
22. Rf1 Nb7 23. f4 exf4 24. Rxf4 Qe5 25. Rcf1 Nd6 26. Ne2 g5 27. R4f2 Nxe4 28.
Bxe4 Qxe4 29. Ng3 Qxd5 30. Nh5+ Kg6 31. Qxd5 Rxd5 32. Nxf6 Rd3 33. Ne4 Rxf2 34.
Rxf2 Bb7 35. Re2 Bxe4 36. Rxe4 Rxc3 37. a4 Rc2 38. Re7 c3 39. Rxa7 Rb2 0-1

[Event "London Classic Open 2015"]
[Site "London ENG"]
[Date "2015.12.04"]
[Round "1.88"]
[White "Ilfeld, Etan"]
[Black "Mohnblatt, Daniel"]
[Result "1/2-1/2"]
[WhiteElo "2199"]
[BlackElo "1766"]
[WhiteFideId "2803470"]
[BlackFideId "648582"]
[EventDate "2015.12.04"]

1. e4 Nf6 2. e5 Nd5 3. c4 Nb6 4. d4 d6 5. f4 dxe5 6. fxe5 Nc6 7. Be3 Bf5 8. Nc3
e6 9. Be2 Be7 10. Nf3 O-O 11. O-O f6 12. exf6 Bxf6 13. Qd2 Qe7 14. Rad1 Rad8 15.
Qc1 e5 16. d5 Nd4 17. Nxd4 exd4 18. Bxd4 Bg5 19. Qa1 c5 20. d6 Rxd6 21. Bf2 Re6
22. Bf3 Kh8 23. Nd5 Nxd5 24. cxd5 Rh6 25. Bg3 Be3+ 26. Bf2 Bf4 1/2-1/2

[Event "London Classic Open 2015"]
[Site "London ENG"]
[Date "2015.12.04"]
[Round "1.89"]
[White "Rocco, Federico"]
[Black "Dukaczewski, Piotr"]
[Result "0-1"]
[BlackTitle "IM"]
[WhiteElo "1855"]
[BlackElo "2280"]
[WhiteFideId "431362"]
[BlackFideId "1103520"]
[EventDate "2015.12.04"]

1. e4 e6 2. d3 d5 3. Nd2 c5 4. g3 Nc6 5. Bg2 Nf6 6. Ngf3 Be7 7. O-O Qc7 8. Re1
b6 9. b3 Bb7 10. Bb2 d4 11. a4 e5 12. Nh4 g6 13. Nc4 O-O 14. Bc1 Nh5 15. Nf5 Bf6
16. Ncd6 gxf5 17. Nb5 Qd7 18. Qxh5 Ne7 19. Qh6 Bg7 20. Qd6 Rfd8 21. Qxd7 Rxd7
22. Bh3 a6 23. Na3 b5 24. exf5 Rdd8 25. f4 e4 26. Bg2 Nxf5 27. Bxe4 Bxe4 28.
Rxe4 Nd6 29. Re7 c4 30. Bd2 Bf8 31. Re5 f6 32. Rd5 c3 33. Be1 Nf7 34. Rxd8 Nxd8
35. Kf2 Nc6 36. Kf3 Kf7 37. Bf2 f5 38. g4 fxg4+ 39. Ke4 Bxa3 40. Rxa3 Re8+ 41.
Kf5 Re2 42. axb5 axb5 43. Bh4 Rxh2 44. Kxg4 Rxc2 45. Ra6 Rg2+ 46. Kf3 Rg6 47. f5
Ne5+ 48. Ke4 Rxa6 49. Kxe5 c2 50. Bg5 Ra1 0-1

[Event "London Classic Open 2015"]
[Site "London ENG"]
[Date "2015.12.04"]
[Round "1.90"]
[White "Klingher, Dominic"]
[Black "Guthrie, David"]
[Result "0-1"]
[WhiteElo "1758"]
[BlackElo "2198"]
[WhiteFideId "428850"]
[BlackFideId "4300505"]
[EventDate "2015.12.04"]

1. e4 c5 2. Nc3 Nc6 3. g3 g6 4. d3 Bg7 5. Bg2 d6 6. f4 e6 7. Nf3 Nge7 8. O-O O-O
9. g4 f5 10. gxf5 exf5 11. Be3 Kh8 12. Qe1 Nd4 13. Bxd4 cxd4 14. Nd1 fxe4 15.
Qxe4 d5 16. Qe1 Nf5 17. Ne5 Qd6 18. Rf3 Bd7 19. Nxd7 Qxd7 20. Bh3 Rae8 21. Qf2
Bf6 22. Bxf5 Qxf5 23. Kg2 Qg4+ 24. Rg3 Qe2 25. Rh3 Qe1 26. Qxe1 Rxe1 27. Rf3
Rfe8 28. Rc1 Bh4 29. Rf1 R8e2+ 30. Kg1 Rxf1+ 31. Kxf1 Rxh2 32. c4 dxc3 33. Rxc3
Rh1+ 34. Ke2 Re1+ 35. Kd2 Re7 36. Rc8+ Kg7 37. Rd8 Bg3 38. f5 gxf5 39. Rxd5 Kf6
40. Ne3 Re5 41. Rxe5 Bxe5 42. Nc4 b5 43. Na3 a6 44. b3 Kg5 45. Ke2 Kg4 46. Nc2
h5 47. a4 bxa4 48. bxa4 h4 49. d4 Bg3 50. d5 Bd6 51. Kf2 Bc5+ 52. Kg2 f4 53. a5
f3+ 54. Kh2 f2 0-1

[Event "London Classic Open 2015"]
[Site "London ENG"]
[Date "2015.12.04"]
[Round "1.91"]
[White "Juknis, Paulius"]
[Black "Knudsen, Andre"]
[Result "1-0"]
[WhiteElo "2192"]
[BlackElo "1756"]
[WhiteFideId "12802247"]
[BlackFideId "1723650"]
[EventDate "2015.12.04"]

1. e4 d5 2. exd5 Qxd5 3. Nc3 Qd6 4. d4 Nf6 5. Nf3 Bg4 6. h3 Bh5 7. g4 Bg6 8. Ne5
Nc6 9. Bb5 a6 10. Bxc6+ bxc6 11. Qf3 Nd5 12. Nxg6 hxg6 13. Ne4 Qd7 14. Nc5 Qd6
15. c4 Nb4 16. Qb3 e5 17. Qxb4 exd4 18. Qb7 Rd8 19. Nxa6 Qe6+ 20. Kd1 Qc8 21.
Qxc6+ Rd7 22. Re1+ Be7 23. Nc5 1-0

[Event "London Classic Open 2015"]
[Site "London ENG"]
[Date "2015.12.04"]
[Round "1.92"]
[White "Chilton, James I"]
[Black "Motycakova, Monika"]
[Result "0-1"]
[BlackTitle "WFM"]
[WhiteElo "1742"]
[BlackElo "2185"]
[WhiteFideId "423009"]
[BlackFideId "14909626"]
[EventDate "2015.12.04"]

1. e4 e5 2. Nf3 Nc6 3. Bb5 a6 4. Ba4 Nf6 5. O-O Be7 6. Re1 b5 7. Bb3 d6 8. c3
O-O 9. h3 Na5 10. Bc2 c5 11. d4 Qc7 12. Nbd2 cxd4 13. cxd4 Nc6 14. Nb3 a5 15.
Be3 a4 16. Nbd2 Bd7 17. Rc1 Qb7 18. a3 Rfe8 19. d5 Na5 20. Qe2 b4 21. Bd3 Bd8
22. Nc4 Nxc4 23. Rxc4 Ba5 24. axb4 Bxb4 25. Rec1 Ba5 26. g4 Reb8 27. R4c2 Bb6
28. Bxb6 Qxb6 29. Rc7 Ra7 30. Qc2 h6 31. Rxa7 Qxa7 32. Qc7 Qxc7 33. Rxc7 Rxb2
34. g5 hxg5 35. Nxg5 Kf8 36. Nh7+ Nxh7 37. Rxd7 a3 38. Kg2 Rd2 39. Bc4 Rd4 40.
Ba2 Rd2 41. Bc4 a2 42. Ra7 Ng5 43. Rxa2 Rxa2 44. Bxa2 Nxe4 45. f3 Nf6 46. Kg3
Nh5+ 47. Kg4 g6 48. Kh4 Kg7 49. Kg5 f6+ 50. Kh4 Kh6 51. Bb3 f5 52. Ba2 g5# 0-1

[Event "London Classic Open 2015"]
[Site "London ENG"]
[Date "2015.12.04"]
[Round "1.93"]
[White "Player, Edmund C"]
[Black "Charisiadis, Archimidis"]
[Result "1-0"]
[WhiteElo "2183"]
[BlackElo "1740"]
[WhiteFideId "406520"]
[BlackFideId "4240081"]
[EventDate "2015.12.04"]

1. e4 e5 2. Nf3 Nc6 3. Nc3 Nf6 4. g3 Bc5 5. Bg2 d6 6. d3 Nd4 7. h3 c6 8. O-O Be6
9. Kh2 h5 10. Ng5 Bd7 11. Na4 Bb6 12. Nxb6 Qxb6 13. Rb1 Ne6 14. a3 Qd8 15. Nxe6
Bxe6 16. Be3 Qc7 17. f4 exf4 18. Bxf4 Nd7 19. d4 f6 20. Bf3 O-O-O 21. Be3 Kb8
22. Bg2 Bf7 23. Qd2 Ka8 24. Kh1 Rhe8 25. Qc3 Nb6 26. Rbd1 d5 27. e5 fxe5 28.
dxe5 Be6 29. Kh2 Rf8 30. Qc5 Rfe8 31. Rd4 Qe7 32. Qxe7 Rxe7 33. Bg5 1-0

[Event "London Classic Open 2015"]
[Site "London ENG"]
[Date "2015.12.04"]
[Round "1.94"]
[White "Barasi, Paul Dl"]
[Black "Osborne, Marcus E"]
[Result "0-1"]
[WhiteElo "1736"]
[BlackElo "2180"]
[WhiteFideId "432830"]
[BlackFideId "404608"]
[EventDate "2015.12.04"]

1. d4 d5 2. Bg5 f6 3. Bh4 Nc6 4. e3 Nh6 5. Nf3 Nf5 6. Bd3 Nb4 7. Nc3 Nxd3+ 8.
cxd3 e6 9. e4 Nxh4 10. Nxh4 g6 11. O-O c6 12. f4 Qb6 13. Nf3 Bh6 14. Na4 Qd8 15.
g3 dxe4 16. dxe4 O-O 17. Qd3 b6 18. Rad1 c5 19. Qb3 Qe7 20. d5 exd5 21. exd5 Bb7
22. Rfe1 Qd7 23. Nc3 Rfe8 24. Re6 Bg7 25. Ne4 Rad8 26. Nd6 Qxd6 27. Rxd6 Rxd6
28. Qa4 Red8 29. Qxa7 Bxd5 30. Kf2 Bf8 31. Re1 Bc6 32. a4 c4 33. Re2 Rd3 34. Ne1
Bc5+ 35. Kf1 R3d7 36. Qa6 Rd4 37. Re3 Ra8 0-1

[Event "London Classic Open 2015"]
[Site "London ENG"]
[Date "2015.12.04"]
[Round "1.95"]
[White "Marzano, Carlo"]
[Black "Modica, Jake"]
[Result "1-0"]
[WhiteElo "2177"]
[BlackElo "1736"]
[WhiteFideId "802980"]
[BlackFideId "442160"]
[EventDate "2015.12.04"]

1. d4 e6 2. Nf3 Nf6 3. Bg5 h6 4. Bh4 c5 5. e3 b6 6. Bd3 cxd4 7. exd4 Bb7 8. O-O
Be7 9. c4 O-O 10. Nc3 d5 11. Bxf6 Bxf6 12. cxd5 exd5 13. Qd2 Nc6 14. Qf4 Qb8 15.
Qf5 Rd8 16. Qh7+ Kf8 17. Qh8+ Ke7 18. Rfe1+ 1-0

[Event "London Classic Open 2015"]
[Site "London ENG"]
[Date "2015.12.04"]
[Round "1.96"]
[White "Reutimann, Hans Peter"]
[Black "Coleman, David J"]
[Result "0-1"]
[BlackTitle "CM"]
[WhiteElo "1717"]
[BlackElo "2176"]
[WhiteFideId "1313886"]
[BlackFideId "402087"]
[EventDate "2015.12.04"]

1. d4 Nf6 2. Nf3 g6 3. Bf4 Bg7 4. e3 d6 5. Nbd2 O-O 6. c3 Nc6 7. Qc2 Qe8 8. Be2
e5 9. dxe5 Nxe5 10. Bxe5 dxe5 11. O-O Qe7 12. Rad1 Bf5 13. Qc1 c5 14. Bc4 e4 15.
Ne1 Rad8 16. Nb3 Rxd1 17. Qxd1 Rd8 18. Qc1 Ng4 19. h3 Ne5 20. Be2 h5 21. Nc2 Bh6
22. Rd1 Nd3 23. Qb1 Qg5 0-1

[Event "London Classic Open 2015"]
[Site "London ENG"]
[Date "2015.12.04"]
[Round "1.97"]
[White "Haribalu, V."]
[Black "Chen, Meng Boon Marcus"]
[Result "1-0"]
[WhiteElo "2174"]
[BlackElo "1715"]
[WhiteFideId "5015189"]
[BlackFideId "5812470"]
[EventDate "2015.12.04"]

1. e4 e6 2. d4 d5 3. Nd2 Nf6 4. e5 Nfd7 5. f4 c5 6. c3 Nc6 7. Ndf3 Qb6 8. g3
cxd4 9. cxd4 Bb4+ 10. Kf2 g5 11. fxg5 Ndxe5 12. Nxe5 Nxe5 13. Kg2 Nc6 14. Nf3
Bf8 15. b3 Bg7 16. Bb2 Bd7 17. Qd2 a5 18. Be2 a4 19. Bc3 O-O 20. Rab1 Qc7 21.
Rbc1 axb3 22. axb3 Qb6 23. b4 Na7 24. Bd3 Nb5 25. Bb2 Nd6 26. Qc2 Qxb4 27. Bxh7+
Kh8 28. Bc3 Qb6 29. Rb1 Qc7 30. Rhc1 Rfc8 31. Ne5 Bxe5 32. dxe5 Nc4 33. Bd4 Bc6
34. Bd3 Qe7 35. h4 Rg8 36. Qe2 Rg7 37. Rf1 Kg8 38. Rf6 Qa3 39. Ra1 Qxa1 40. Bxa1
Rxa1 41. Kf2 Rh1 42. Kg2 d4+ 43. Be4 Rb1 44. Qxc4 Bxe4+ 45. Kh3 Rh1+ 46. Kg4 Bg6
47. Qxd4 Rh7 48. Qd8+ Kg7 49. Rxg6+ fxg6 50. Qc7+ Kg8 51. Qc8+ Kg7 52. Qxb7+ Kg8
53. Qxh1 Ra7 54. Qd1 Kg7 55. Qf3 Rf7 56. Qf6+ Rxf6 57. gxf6+ Kh6 58. Kf4 g5+ 59.
hxg5+ Kg6 60. Kg4 Kf7 61. Kh5 Kf8 62. Kh6 Kf7 63. g6+ Kg8 64. g7 Kf7 65. Kh7 Ke8
66. g8=Q+ Kd7 67. f7 Kc6 68. f8=Q Kd5 69. Qd6+ Kc4 70. Qc8+ Kb5 71. Qcc5+ Ka4
72. Qb4# 1-0

[Event "London Classic Open 2015"]
[Site "London ENG"]
[Date "2015.12.04"]
[Round "1.98"]
[White "Shamash, Michelle"]
[Black "Williamson, Roger G"]
[Result "0-1"]
[WhiteElo "1677"]
[BlackElo "2172"]
[WhiteFideId "4225767"]
[BlackFideId "414620"]
[EventDate "2015.12.04"]

1. d4 d5 2. c4 e6 3. Nc3 Nf6 4. cxd5 exd5 5. Bg5 Be7 6. e3 Nbd7 7. Bd3 O-O 8.
Nge2 c6 9. O-O Re8 10. Qc2 Nf8 11. f3 Be6 12. e4 dxe4 13. fxe4 Ng4 14. Bd2 Bg5
15. Qc1 Bxd2 16. Qxd2 c5 17. h3 cxd4 18. Nb5 Ne5 19. Bc2 d3 20. Bxd3 Nxd3 21.
Nbd4 Ne5 22. b3 Qb6 23. Kh1 Red8 24. Qg5 Rxd4 25. Qxe5 Rd2 26. Nf4 Ng6 27. Qc3
Qd4 28. Qxd4 Rxd4 29. Nxe6 fxe6 30. Rfe1 Rd2 31. Red1 Rad8 32. Rxd2 Rxd2 33. g3
Ne5 0-1

[Event "London Classic Open 2015"]
[Site "London ENG"]
[Date "2015.12.04"]
[Round "1.99"]
[White "Mogilarov, Dimitar"]
[Black "Hung, Jake"]
[Result "0-1"]
[WhiteElo "2168"]
[BlackElo "1650"]
[WhiteFideId "2905248"]
[BlackFideId "426431"]
[EventDate "2015.12.04"]

1. e4 c6 2. d4 d5 3. exd5 cxd5 4. c4 Nf6 5. Nf3 e6 6. Nc3 Nc6 7. a3 a6 8. c5 Be7
9. Na4 Nd7 10. b4 O-O 11. Bd3 e5 12. dxe5 Ndxe5 13. Nxe5 Nxe5 14. Nb6 Nxd3+ 15.
Qxd3 Bf6 16. Ra2 Re8+ 17. Re2 Rxe2+ 18. Qxe2 Ra7 19. Nxd5 Bd7 20. Nxf6+ Qxf6 21.
Bb2 Qg6 22. O-O Ra8 23. f4 Bb5 24. Qe5 Bxf1 25. Kxf1 Rd8 26. f5 Qh6 27. Bd4 Qc1+
28. Ke2 Qc2+ 29. Kf3 Qd3+ 30. Be3 Qd5+ 31. Qxd5 Rxd5 32. Ke4 Rd1 33. a4 Kf8 34.
b5 Ke7 35. Bd4 f6 36. c6 bxc6 37. bxa6 Re1+ 38. Kd3 Kd6 39. a7 Re8 40. Bf2 Kc7
41. g4 Kb7 42. h4 Re5 43. Bd4 Ra5 44. g5 fxg5 45. Ke4 gxh4 46. Bxg7 h3 0-1

[Event "London Classic Open 2015"]
[Site "London ENG"]
[Date "2015.12.04"]
[Round "1.100"]
[White "Haddock, Paul"]
[Black "Murphy, Hugh W"]
[Result "0-1"]
[WhiteElo "1623"]
[BlackElo "2168"]
[WhiteFideId "419150"]
[BlackFideId "422444"]
[EventDate "2015.12.04"]

1. e4 c6 2. d4 d5 3. e5 Bf5 4. Nf3 e6 5. Bd3 Bxd3 6. Qxd3 Qa5+ 7. c3 Qa6 8. Qxa6
Nxa6 9. O-O Ne7 10. Bd2 c5 11. Na3 Nc6 12. Nc2 Be7 13. Rfe1 O-O 14. Rac1 Rfc8
15. Bg5 Bxg5 16. Nxg5 cxd4 17. cxd4 Nab4 18. Nxb4 Nxb4 19. a3 Nc2 20. Red1 Nxd4
21. Kf1 Nb3 22. Rc3 Rxc3 23. bxc3 Rc8 24. Rd3 h6 25. Nf3 Nc1 26. Re3 Na2 27. Re2
Nxc3 28. Rc2 Rc4 29. Nd2 Rc6 30. Rb2 b6 31. Rc2 Kf8 32. Ke1 Ke7 33. Nb3 Rc4 34.
f3 Kd7 35. Rc1 Nb5 36. Ra1 Ra4 0-1

[Event "London Classic Open 2015"]
[Site "London ENG"]
[Date "2015.12.04"]
[Round "1.101"]
[White "Obioma Onuoha"]
[Black "Chen, Yi Jing Alvin"]
[Result "1-0"]
[WhiteElo "2165"]
[BlackElo "1621"]
[WhiteFideId "8505837"]
[BlackFideId "5804051"]
[EventDate "2015.12.04"]

1. e4 c6 2. d4 d5 3. e5 Bf5 4. Nc3 Qb6 5. g4 Bd7 6. Na4 Qa5+ 7. c3 e6 8. b4 Qc7
9. Be3 Ne7 10. Bd3 Nc8 11. Qc2 h6 12. Ne2 Nb6 13. Nc5 Be7 14. Ng3 a5 15. O-O
axb4 16. cxb4 Na6 17. a3 Nxc5 18. bxc5 Nc8 19. Nh5 Bf8 20. f4 Ne7 21. f5 Ng8 22.
Rf3 Qd8 23. f6 gxf6 24. exf6 Bc8 25. h3 Qa5 26. Qb2 Qd8 27. a4 Ra5 28. Bd2 Ra8
29. a5 Qc7 30. Re1 Kd7 31. Kg2 Qd8 32. Re5 Rxa5 33. Rxd5+ cxd5 34. Bb5+ Rxb5 35.
Qxb5+ Kc7 36. Bf4+ Bd6 37. cxd6+ Qxd6 38. Bxd6+ Kxd6 39. Qc5+ Kd7 40. Rc3 1-0

[Event "London Classic Open 2015"]
[Site "London ENG"]
[Date "2015.12.04"]
[Round "1.102"]
[White "Kazmierczak, Ewa"]
[Black "Stamos, Filippos"]
[Result "0-1"]
[WhiteElo "1599"]
[BlackElo "2164"]
[WhiteFideId "1154877"]
[BlackFideId "4242807"]
[EventDate "2015.12.04"]

1. e4 c5 2. Nf3 d6 3. d4 cxd4 4. Nxd4 Nf6 5. f3 e5 6. Nb3 a5 7. Be3 a4 8. N3d2
d5 9. Bb5+ Nc6 10. O-O d4 11. Bg5 Bc5 12. Nc4 h6 13. Bh4 Qe7 14. Kh1 O-O 15. c3
Rd8 16. Qe1 Be6 17. Nba3 dxc3 18. Bxf6 Qxf6 19. bxc3 Qe7 20. Bxc6 bxc6 21. Nxe5
Bxa3 22. Nxc6 Qc5 23. Nxd8 Rxd8 24. Rf2 Rb8 25. Rc2 Bb2 26. Rb1 a3 27. Qg3 Rd8
28. Qe1 Bxa2 29. Rd1 Rxd1 30. Qxd1 Kh7 31. Qd4 Qxd4 32. cxd4 Bb3 33. Rc7 a2 0-1

[Event "London Classic Open 2015"]
[Site "London ENG"]
[Date "2015.12.04"]
[Round "1.105"]
[White "Jones, Steven A"]
[Black "Thatte, Nishchal"]
[Result "1-0"]
[WhiteElo "2160"]
[BlackElo "1203"]
[WhiteFideId "419630"]
[BlackFideId "447234"]
[EventDate "2015.12.04"]

1. Nf3 d5 2. c4 c6 3. g3 Nf6 4. Bg2 Bf5 5. O-O Nbd7 6. Nc3 e5 7. d4 e4 8. Ne5
Qe7 9. cxd5 Nxe5 10. dxe5 Qxe5 11. Bf4 Qe7 12. dxc6 bxc6 13. Qa4 Rc8 14. Rfd1
Qe6 15. Qxa7 Be7 16. Na4 O-O 17. Nc5 Bxc5 18. Qxc5 Nd5 19. Qd6 Nxf4 20. Qxf4
Rfd8 21. b3 Qf6 22. Bxe4 Bxe4 23. Qxe4 g6 24. Qc2 Qe6 25. Rxd8+ Rxd8 26. Rc1 Rc8
27. Qc4 Qd6 28. a4 Qa3 29. Rc3 Kg7 30. Rf3 f5 31. Rd3 g5 32. Rd7+ Kh6 33. Qe6+
Kh5 34. Rxh7+ Kg4 35. h3# 1-0

[Event "London Classic Open 2015"]
[Site "London ENG"]
[Date "2015.12.04"]
[Round "1.107"]
[White "Calderon, Paul"]
[Black "Swayams, Mishra"]
[Result "0-1"]
[BlackTitle "IM"]
[WhiteElo "1842"]
[BlackElo "2477"]
[WhiteFideId "2082160"]
[BlackFideId "5028183"]
[EventDate "2015.12.04"]

1. c4 b6 2. Nc3 Bb7 3. e4 e6 4. d3 Ne7 5. f4 g6 6. Nf3 Bg7 7. Be2 c5 8. O-O Nbc6
9. Be3 O-O 10. Bf2 a6 11. Bh4 Qc7 12. e5 Nf5 13. Bf2 d6 14. exd6 Qxd6 15. Qd2
Rad8 16. a3 Ncd4 17. Rad1 Bh6 18. Nxd4 cxd4 19. Ne4 Bxe4 20. dxe4 Bxf4 21. Qd3
Bxh2+ 22. Kh1 Ne3 23. Bxe3 dxe3 24. Qxe3 Qc7 25. Rxd8 Rxd8 26. Rd1 Rxd1+ 27.
Bxd1 Be5 28. Qe2 Qd8 29. b4 Qh4+ 30. Kg1 Bd4+ 0-1

[Event "London Classic Open 2015"]
[Site "London ENG"]
[Date "2015.12.04"]
[Round "1.108"]
[White "Stachanczyk, Jacek"]
[Black "Lochte, Szilvia"]
[Result "1-0"]
[WhiteTitle "IM"]
[WhiteElo "2258"]
[BlackElo "1914"]
[WhiteFideId "1116657"]
[BlackFideId "708410"]
[EventDate "2015.12.04"]

1. e4 c5 2. Nf3 e6 3. Nc3 a6 4. d4 cxd4 5. Nxd4 Qc7 6. Bd3 Nf6 7. O-O Bc5 8. Nb3
Be7 9. Qe2 d6 10. Bd2 Nc6 11. f4 O-O 12. Rae1 b5 13. e5 Nd7 14. exd6 Qxd6 15.
Ne4 Qc7 16. Qh5 h6 17. f5 Nf6 18. Nxf6+ Bxf6 19. fxe6 Bxe6 20. Rxf6 gxf6 21.
Qxh6 f5 22. Bc3 f6 23. Rxe6 1-0

[Event "London Classic Open 2015"]
[Site "London ENG"]
[Date "2015.12.04"]
[Round "1.109"]
[White "Fontaine, Olivier"]
[Black "Lercel, Michal"]
[Result "0-1"]
[WhiteElo "1826"]
[BlackElo "2228"]
[WhiteFideId "666548"]
[BlackFideId "1114700"]
[EventDate "2015.12.04"]

1. Nf3 Nf6 2. c4 g6 3. g3 Bg7 4. Bg2 d6 5. O-O O-O 6. Nc3 e5 7. Qc2 Nc6 8. h3 e4
9. Ng5 Nd4 10. Qd1 Re8 11. e3 Nc6 12. Ngxe4 Nxe4 13. Nxe4 Bxh3 14. Bxh3 Rxe4 15.
d4 a5 16. Qb3 Ra7 17. Bd2 Qg5 18. Bg2 Re8 19. Qb5 Qg4 20. d5 Re5 21. c5 Nb4 22.
Bxb4 Qxb4 23. Qxb4 axb4 24. cxd6 cxd6 25. Rfc1 Re8 26. Rc4 Bxb2 27. Rb1 Bc3 0-1

[Event "London Classic Open 2015"]
[Site "London ENG"]
[Date "2015.12.04"]
[Round "1.110"]
[White "Kalaiyalahan, Akshaya"]
[Black "Burke, John S"]
[Result "1/2-1/2"]
[WhiteElo "2157"]
[BlackElo "2049"]
[WhiteFideId "422894"]
[BlackFideId "404322"]
[EventDate "2015.12.04"]

1. d4 Nf6 2. Nf3 d6 3. c4 Nbd7 4. g3 e5 5. Bg2 Be7 6. O-O O-O 7. Nc3 c6 8. Qc2
Re8 9. h3 Bf8 10. e4 a6 11. d5 c5 12. a4 b6 13. Be3 Be7 14. Ne1 h6 15. Nd3 Nh7
16. Rae1 h5 17. f4 h4 18. Bf2 hxg3 19. Bxg3 Bf6 20. f5 Bh4 21. Qf2 Bxg3 22. Qxg3
Qg5 23. Qxg5 Nxg5 24. h4 Nh7 25. Kf2 Nhf6 26. Bf3 Kf8 27. Rg1 Rd8 28. Ke3 Ne8
29. Ra1 a5 30. Rg3 Ndf6 31. Rag1 Ba6 32. b3 Ke7 33. Nf2 Bc8 34. Ncd1 Bd7 35. Kd3
Bc8 36. Ne3 Bb7 37. Rh1 Nc7 38. Rxg7 Rg8 39. Rxg8 Rxg8 40. h5 Nh7 41. Neg4 Ne8
42. h6 Bc8 43. Ke3 Bd7 44. Nd3 Bc8 45. Rg1 Bd7 46. Rg2 Kf8 47. Nc1 Rh8 48. Nd3
Nhf6 49. Ndf2 Nh7 50. Rh2 Rg8 51. Nh1 Rh8 52. Ng3 Rg8 53. Nh5 Bc8 54. Be2 Bd7
55. Rg2 Bc8 56. Bf3 Bd7 57. Rh2 Bc8 58. Rh1 Bd7 59. Ng7 Nxg7 60. hxg7+ Kxg7 61.
Rxh7+ Kxh7 62. Nf6+ Kg7 63. Nxg8 1/2-1/2

[Event "London Classic Open 2015"]
[Site "London ENG"]
[Date "2015.12.04"]
[Round "1.112"]
[White "Phillips, William"]
[Black "Radovanovic, Jovica"]
[Result "0-1"]
[BlackTitle "FM"]
[WhiteElo "1901"]
[BlackElo "2321"]
[WhiteFideId "414344"]
[BlackFideId "915912"]
[EventDate "2015.12.04"]

1. d4 Nf6 2. Nf3 g6 3. Nc3 d5 4. Bf4 Bg7 5. e3 O-O 6. Be2 c5 7. h3 Nc6 8. O-O
Ne4 9. Ne5 cxd4 10. Nxc6 bxc6 11. exd4 Qb6 12. Nxe4 dxe4 13. Be3 Qxb2 14. Qd2
Qa3 15. c4 c5 16. Rfd1 Rb8 17. Rab1 Rxb1 18. Rxb1 cxd4 19. Bxd4 Rd8 20. Bc5 Rxd2
21. Bxa3 Rxe2 22. Rb8 0-1

[Event "London Classic Open 2015"]
[Site "London ENG"]
[Date "2015.12.05"]
[Round "2.1"]
[White "Nguyen, Piotr"]
[Black "Postny, Evgeny"]
[Result "0-1"]
[BlackTitle "GM"]
[WhiteElo "2329"]
[BlackElo "2670"]
[WhiteFideId "1127993"]
[BlackFideId "2804344"]
[EventDate "2015.12.04"]

1. f4 d5 2. Nf3 Nf6 3. g3 g6 4. Bg2 Bg7 5. O-O c5 6. d3 O-O 7. c3 Nc6 8. Na3 Rb8
9. Ne5 Qc7 10. Nxc6 Qxc6 11. Qe1 b5 12. e4 dxe4 13. dxe4 Bb7 14. f5 Nxe4 15.
Nxb5 gxf5 16. Rxf5 Qe6 17. g4 h5 18. Nc7 Qc4 19. gxh5 e6 20. Rf4 Be5 21. Qh4
Bxf4 22. Bxf4 Kh7 23. Re1 Rg8 24. Bg3 Nd6 25. Qxc4 Nxc4 26. Bf1 Nxb2 27. Kf2 c4
28. Ke3 Rbd8 29. Be2 Bc6 30. Rf1 Rd7 31. Na6 Bg2 32. Rf6 Nd3 33. Nb4 Nxb4 34.
cxb4 Bd5 35. Bd1 Rg5 36. h6 c3 37. Bc2+ Kh8 38. Kf4 Rxg3 39. hxg3 Bxa2 40. Ke3
Bc4 41. g4 Rd2 42. Rf2 Rxf2 43. Kxf2 f6 44. Ke3 e5 45. h7 Be6 46. Kf3 Bd7 47.
Bg6 f5 48. Ke3 fxg4 49. Bc2 Bc6 0-1